| 000 | 00738nam a2200217 a 4500 | ||
|---|---|---|---|
| 001 | 000035014 | ||
| 005 | 20200930074040.0 | ||
| 008 | 111024s1968 es 000 f spa d | ||
| 040 |
_aDO-SdBNP _bspa _cBNPHU |
||
| 082 |
_a813 _bH468r |
||
| 100 | 1 |
_aHeinlein, Robert A. _960634 |
|
| 240 | 1 | 0 |
_aRevolt in 2100 _linglés |
| 245 | 1 | 0 |
_aRevuelta en el 2100 / _cRobert A. Heinlein ; traducción Jesus de la Torre Roldan. |
| 260 |
_aBarcelona : _bEdiciones Geminis, _c1968. |
||
| 300 |
_a256 p. ; _c18 cm. |
||
| 590 | _aPerteneció a la biblioteca personal de Juan Isidro Jimenes Grullón. | ||
| 650 | 4 |
_aNovela estadounidense _9262 |
|
| 650 | 4 |
_aLiteratura estadounidense _9263 |
|
| 700 | 1 | 2 |
_aTorre Roldan, Jesus de la _960635 |
| 049 | _aBNPD | ||
| 999 |
_c34505 _d34505 |
||